-
KUREEL, M.K & MANDLOI, D.S. , SINGH, K.V AND LEKHI, RAJESH
Entry Personal Name
Number of records used in: 1
001 - CONTROL NUMBER
003 - CONTROL NUMBER IDENTIFIER
005 - DATE AND TIME OF LATEST TRANSACTION
- control field:
20260309114949.0
008 - FIXED-LENGTH DATA ELEMENTS
- fixed length control field:
260309|| aca||aabn | a|a d
040 ## - CATALOGING SOURCE
- Original cataloging agency:
JRU
- Transcribing agency:
JRU
100 ## - HEADING--PERSONAL NAME
- Personal name:
KUREEL, M.K & MANDLOI, D.S. , SINGH, K.V AND LEKHI, RAJESH
670 ## - SOURCE DATA FOUND
- Source citation:
Work cat.: (JRU)9055: KUREEL, M.K & MANDLOI, D.S. , SINGH, K.V AND LEKHI, RAJESH , POST HARVEST MANAGEMENT AND VALUE ADDITION OF FRUITS AND VEGETABLES, 2020